La casa per l'uomo fragile (Record n. 238576)

Dettagli MARC
000 -LEADER
campo di controllo lung. fissa 00932nas a2200241Ia 4500
001 - Numero di controllo
campo di controllo A06/R072-21208 [r000044334]
003 - Identificatore del numero di controllo
campo di controllo IT-MiCISF
005 - Data e orario dell'ultima transazione
campo di controllo 20260225151332.0
008 - Elementi di lunghezza fissa--Informazione generale
campo di controllo lung. fissa 161014c99999999xx |||||||||||| ||und||
040 ## - Fonte della catalogazione
Agenzia catalografica originale IT-MiCISF
Agenzia che fa la trascrizione IT-MiCISF
041 ## - Codice di lingua
Codice di lingua del testo/traccia sonora o titolo separato it
100 ## - Accesso principale -- nome di persona
Nome di persona Palumbo Roberto (et al.)
9 (RLIN) 63296
245 #0 - Formulazione del titolo
Titolo La casa per l'uomo fragile
250 ## - Formulazione di edizione
Formulazione di edizione "L'arco di Giano", n. 3, settembre-dicembre
260 ## - Pubblicazione, distribuzione, ecc. (stampa)
Data di pubblicazione, distribuzione, ecc. 1993
300 ## - Descrizione fisica
Estensione pp. 33-139
500 ## - Nota generale
Nota generale persona, abitazione, servizi-sanitari., anziani, servizi-anziani, psichiatria, malato-terminale
650 ## - Accesso aggiunto di soggetto--termine topico
Termine topico o nome geografico come accesso Persona
654 ## - Accesso aggiunto di soggetto--termini topici faccettati
Termine principale dossier
700 ## - Accesso aggiunto--nome di persona
Nome di persona Nardi G., Marconi P., Pontuale L., Ranzi M., Taggi F., Guzzanti E., Mastrilli F., Tucci P.,
-- Spinelli F., Barnabei R., Banchero A., Del Nord R., Cantanti C., Montesi A.,
-- Setti Bassanini M.C., Donini V., Scapicchio P., Bianchetti A., Scorsone A.
9 (RLIN) 63297
942 ## - Dati aggiuntivi (Koha)
Tipo copia default (Koha) RIVISTA
Fonte della classificazione o dello schema di collocazione (segnatura) Dewey Decimal Classification
999 ## - Sys Number locale (Koha)
Koha Dewey Subclass [OBSOLETE] Si
Dati di copia
Ritirato (status) Perso (status) Danneggiato (status) Non per il presito Biblioteca proprietaria Biblioteca in cui si trova Data d'acquisizione Totale prestiti Collocazione Data ultima operazione Prezzo in vigore dal Tipo copia default (Koha) Nota pubblica
    Buone Condizioni Not For Loan CISF - Milano CISF - Milano 14/10/2016   A06/R072-21208 [r000044334] 14/10/2016 14/10/2016 RIVISTA Data import 15.10.2016 / by Epidotti, Vaglietti
CREDITS: SOCIETA' SAN PAOLO Via A.Severo, 58 - ROMA (RM) & PERIODICI SAN PAOLO SRL Via Giotto, 36 MILANO & CISF Via Giotto, 36 MILANO & EDIZIONI SAN PAOLO SRL,  Piazza Soncino, 5 CINISELLO BALSAMO (MI) -- ITALY